| 000 | 01042cab a2200289 4500 | ||
|---|---|---|---|
| 001 | WB3119-47 | ||
| 008 | 090401t1995 xxu||||| |||| 00| 0 eng d | ||
| 035 | _a(Sirsi) u70719 | ||
| 041 | _aeng | ||
| 245 | _aCountryside must not be museum | ||
| 260 | _c1995 | ||
| 350 | _a0 | ||
| 490 |
_aRICS Press Release _v(PR56/95RUR) 17 May 1995 |
||
| 490 |
_aSunday Times _v18 May 1995, 8(4) |
||
| 520 | _aThe countryside must not be seen as a museum but as a constantly changing working environment capable of generating jobs needed to sustain rural communities according to the report "Tomorrows countryside:: a rural strategy". A Government White Paper on the rural economy is expected later in the year. | ||
| 650 | _aCOUNTRYSIDE | ||
| 650 | _aCOUNTY PLANNING OFFICERS SOCIETY | ||
| 650 | _aDISTRICT PLANNING OFFICERS SOCIETY | ||
| 650 | _aRICS | ||
| 650 | _aRTPI | ||
| 650 | _aRURAL DEVELOPMENT | ||
| 650 | _aRURAL ECONOMY | ||
| 650 | _aRURAL PLANNING POLICY | ||
| 690 | _aRURAL PRACTICE | ||
| 942 | _n0 | ||
| 948 | _c04/03/1997 | ||
| 999 |
_c44515 _d44515 |
||